Отец Кристины Альберты (Запись № 9913198)

Подробности
000 -МАРКЕР
контрольное поле 01247nam0a22003131 4500
001 - ИДЕНТИФИКАТОР ЗАПИСИ
контрольное поле RU\NLR\A1SV\126650
005 - ИДЕНТИФИКАТОР ВЕРСИИ
контрольное поле 20260416142201.0
035 ## - ДРУГИЕ СИСТЕМНЫЕ НОМЕРА
Идентификатор записи (NLR Aleph) 010447285
100 ## - ДАННЫЕ ОБЩЕЙ ОБРАБОТКИ
Данные общей обработки 20061025d1926 u y0rusy50 ca
101 1# - ЯЗЫК РЕСУРСА
Язык текста, звукозаписи и т.д. русский
Язык оригинала английский
102 ## - СТРАНА ПУБЛИКАЦИИ ИЛИ ПРОИЗВОДСТВА
Страна публикации Российская Федерация
200 1# - ЗАГЛАВИЕ И СВЕДЕНИЯ ОБ ОТВЕТСТВЕННОСТИ
Основное заглавие Отец Кристины Альберты
Сведения, относящиеся к заглавию Роман
Первые сведения об ответственности Герберт Уэллс
Последующие сведения об ответственности Пер. с англ. К.М.Жихаревой и А.С.Полоцкой
210 ## - ПУБЛИКАЦИЯ, РАСПРОСТРАНЕНИЕ И ДР.
Место издания, распространения и т.д. Л.
Имя издателя, распространителя и т. д. "Сеятель" Е.В.Высоцкого
Дата издания, распространения и т.д. [1926]
215 ## - ФИЗИЧЕСКАЯ ХАРАКТЕРИСТИКА
Специфическое обозначение материала и объем 357 с.
Размеры 15 см
225 ## - СЕРИЯ
Основное заглавие серии Общедоступ. б-ка "Сеятель"
Сведения об ответственности Отд. худож. лит.
Обозначение тома № 231/238
620 ## - МЕСТО И ДАТА ПУБЛИКАЦИИ, ИСПОЛНЕНИЯ И Т. Д.
Город Санкт-Петербург
700 #1 - ИМЯ ЛИЦА - ПЕРВИЧНАЯ ОТВЕТСТВЕННОСТЬ
Начальный элемент ввода Уэллс
Часть имени, кроме начального элемента ввода Г. Д.
Даты 1866-1946
Расширение инициалов личного имени Герберт Джордж
Идентификатор авторитетной/нормативной записи RU\NLR\auth\7727483
Код отношения Автор
702 #1 - ИМЯ ЛИЦА - ВТОРИЧНАЯ ОТВЕТСТВЕННОСТЬ
Начальный элемент ввода Жихарева
Часть имени, кроме начального элемента ввода К. М.
Даты 1879-1950
Расширение инициалов личного имени Ксения Михайловна
702 #1 - ИМЯ ЛИЦА - ВТОРИЧНАЯ ОТВЕТСТВЕННОСТЬ
Начальный элемент ввода Волина-Полоцкая
Часть имени, кроме начального элемента ввода А. С.
Даты 1880-
Расширение инициалов личного имени Адель Семеновна
Идентификатор авторитетной/нормативной записи RU\NLR\AUTH\770201554
790 #1 - ИМЯ ЛИЦА - АЛЬТЕРНАТИВНАЯ ФОРМА
Связь между полями z01702
Начальный элемент ввода Полоцкая
Часть имени, кроме начального элемента ввода А. С.
801 #0 - ИСТОЧНИК ЗАПИСИ
Страна Российская Федерация
Организация NLR
Дата составления 20061025
852 ## - МЕСТОНАХОЖДЕНИЕ И ШИФР ХРАНЕНИЯ
Идентификатор организации NLR
Шифр хранения (Call Number) 38.57.3.1-231-238
852 ## - МЕСТОНАХОЖДЕНИЕ И ШИФР ХРАНЕНИЯ
Идентификатор организации NLR
Шифр хранения (Call Number) 128/2613
899 ## - ДАННЫЕ О МЕСТОНАХОЖДЕНИИ (устаревшее)
Местонахождение РГБ
942 ## - ДОПОЛНИТЕЛЬНЫЕ ЭЛЕМЕНТЫ ЗАПИСИ (АБИС)
Тип экземпляра АБИС Книга
980 ## - КОЛЛЕКЦИЯ
Название коллекции Международный сводный каталог русской книги (1918-1926)
980 ## - КОЛЛЕКЦИЯ
Название коллекции Национальная библиография

Нет доступных экземпляров.